<?xml version="1.0" encoding="UTF-8"?>
<collection xmlns="http://www.loc.gov/MARC21/slim">
 <record>
  <leader>00475nam a22001575a 4500</leader>
  <controlfield tag="001">EUN.um044193</controlfield>
  <controlfield tag="003">AR-BaUNS</controlfield>
  <controlfield tag="005">20050623122914.0</controlfield>
  <controlfield tag="008">041125s1975####fr############000#0#ger#d</controlfield>
  <datafield tag="245" ind1="1" ind2="0">
   <subfield code="a">Die filiation der dramatischen Figuren bei Max Frisch /</subfield>
   <subfield code="c">Jean Quenon.</subfield>
  </datafield>
  <datafield tag="260" ind1=" " ind2=" ">
   <subfield code="a">Paris :</subfield>
   <subfield code="b">Les Belles Lettres,</subfield>
   <subfield code="c">1975.</subfield>
  </datafield>
  <datafield tag="300" ind1=" " ind2=" ">
   <subfield code="a">399 p.</subfield>
  </datafield>
  <datafield tag="100" ind1="1" ind2=" ">
   <subfield code="a">Quenon, Jean.</subfield>
  </datafield>
  <datafield tag="082" ind1="0" ind2="4">
   <subfield code="a">839.35</subfield>
  </datafield>
  <datafield tag="653" ind1=" " ind2=" ">
   <subfield code="a">Literatura suiza</subfield>
  </datafield>
  <datafield tag="859" ind1=" " ind2=" ">
   <subfield code="a">Ar-BaUNS</subfield>
   <subfield code="b">BIB. CENTRAL - Sector C</subfield>
   <subfield code="h">839.35</subfield>
   <subfield code="i">Q34</subfield>
   <subfield code="p">74187/976</subfield>
  </datafield>
 </record>
</collection>
